Асимптотики многомерного нелокального уравнения Фишера – Колмогорова – Петровского – Пискунова вблизи квазистационарного решения; Известия вузов. Физика; Т. 58, № 7
| Parent link: | Известия вузов. Физика: научный журнал/ Национальный исследовательский Томский государственный университет (ТГУ).— , 1957- Т. 58, № 7.— 2015.— [С. 71-75] |
|---|---|
| 1. Verfasser: | |
| Körperschaft: | |
| Weitere Verfasser: | , |
| Zusammenfassung: | Заглавие с экрана Построены асимптотические решения для многомерного нелокального уравнения Фишера - Колмогорова - Петровского - Пискунова с функцией влияния, инвариантной относительно пространcтвенного сдвига. Асимптотические решения представляют собой возмущения пространственно-однородного квазистационарного точного решения. Общие выражения проиллюстрированы примером для двумерного уравнения с начальным условием гауссова типа. Режим доступа: по договору с организацией-держателем ресурса |
| Sprache: | Russisch |
| Veröffentlicht: |
2015
|
| Schlagworte: | |
| Online-Zugang: | http://elibrary.ru/item.asp?id=24041475 |
| Format: | MixedMaterials Elektronisch Buchkapitel |
| KOHA link: | https://koha.lib.tpu.ru/cgi-bin/koha/opac-detail.pl?biblionumber=644578 |
MARC
| LEADER | 00000nla0a2200000 4500 | ||
|---|---|---|---|
| 001 | 644578 | ||
| 005 | 20250312160402.0 | ||
| 035 | |a (RuTPU)RU\TPU\network\9659 | ||
| 090 | |a 644578 | ||
| 100 | |a 20151120d2015 k||y0rusy50 ca | ||
| 101 | 0 | |a rus | |
| 102 | |a RU | ||
| 135 | |a drcn ---uucaa | ||
| 181 | 0 | |a i | |
| 182 | 0 | |a b | |
| 200 | 1 | |a Асимптотики многомерного нелокального уравнения Фишера – Колмогорова – Петровского – Пискунова вблизи квазистационарного решения |f Е. А. Левченко, А. Ю. Трифонов, А. В. Шаповалов | |
| 203 | |a Текст |c электронный | ||
| 300 | |a Заглавие с экрана | ||
| 320 | |a [Библиогр.: с. 75 (14 назв.)] | ||
| 330 | |a Построены асимптотические решения для многомерного нелокального уравнения Фишера - Колмогорова - Петровского - Пискунова с функцией влияния, инвариантной относительно пространcтвенного сдвига. Асимптотические решения представляют собой возмущения пространственно-однородного квазистационарного точного решения. Общие выражения проиллюстрированы примером для двумерного уравнения с начальным условием гауссова типа. | ||
| 333 | |a Режим доступа: по договору с организацией-держателем ресурса | ||
| 461 | |t Известия вузов. Физика |o научный журнал |f Национальный исследовательский Томский государственный университет (ТГУ) |d 1957- | ||
| 463 | |t Т. 58, № 7 |v [С. 71-75] |d 2015 | ||
| 610 | 1 | |a электронный ресурс | |
| 610 | 1 | |a труды учёных ТПУ | |
| 610 | 1 | |a уравнение Фишера-Колмогорова-Петровского-Пискунова | |
| 610 | 1 | |a асимптотические решения | |
| 700 | 1 | |a Левченко |b Е. А. |c математик |c ассистент Томского политехнического университета |f 1988- |g Евгений Анатольевич |3 (RuTPU)RU\TPU\pers\30889 | |
| 701 | 1 | |a Трифонов |b А. Ю. |c физик, математик |c профессор Томского политехнического университета, доктор физико-математических наук |f 1963- |g Андрей Юрьевич |3 (RuTPU)RU\TPU\pers\22013 | |
| 701 | 1 | |a Шаповалов |b А. В. |c математик |c профессор Томского политехнического университета, доктор физико-математических наук |f 1949- |g Александр Васильевич |3 (RuTPU)RU\TPU\pers\24404 | |
| 712 | 0 | 2 | |a Национальный исследовательский Томский политехнический университет (ТПУ) |b Физико-технический институт (ФТИ) |b Кафедра высшей математики и математической физики (ВММФ) |3 (RuTPU)RU\TPU\col\18727 |
| 801 | 2 | |a RU |b 63413507 |c 20151120 |g RCR | |
| 856 | 4 | |u http://elibrary.ru/item.asp?id=24041475 | |
| 942 | |c CF | ||